Les meilleurs buteurs de la ligue des champions de 2024-2025 - Statistiques

Statistiques générales
  • Ce quiz a été pris 135 fois
  • Le résultat moyen est 14 sur 17
Statistiques - réponses
Rang Buts Club Joueur % Correct
9 7 Real Madrid Kylian Mbappé
96%
6 8 Paris SG Ousmane Dembélé
96%
- 8 Manchester City Erling Haaland
91%
- 11 Bayern Munich Harry Kane
91%
1 13 FC Barcelone Raphinha
89%
3 11 FC Barcelone Robert Lewandowski
89%
5 9 Inter Milan Lautaro Martínez
88%
- 8 Real Madrid Vinícius Júnior
88%
- 6 Arsenal Bukayo Saka
87%
13 6 Atlético Madrid Antoine Griezmann
86%
- 7 LOSC Jonathan David
84%
- 7 Atlético Madrid Julian Alvarez
79%
- 13 Borussia Dortmund Serhou Guirassy
79%
- 6 Sporting Viktor Gyökeres
76%
- 6 Bayer Leverkusen Florian Wirtz
71%
- 7 Benfica Vangélis Pavlidis
43%
- 6 Feyenoord / Milan AC Santiago Gimenez
39%
Aucun quiz correspondant
Distribution des résultats
% des personnes avec chaque résultat
Percentile par nombre de réponses
Votre historique - résultats
Vous n’avez pas pris ce quiz